| 000 | 01133nam a22003137a 4500 | ||
|---|---|---|---|
| 001 | BR8001835 | ||
| 003 | BR-BrBNA | ||
| 005 | 20230928090550.0 | ||
| 007 | ta | ||
| 008 | 230509b bl.||||| |||| 00| 0 por d | ||
| 040 |
_aBR-BrBNA _bpor _cBiblioteca Nacional de Agricultura |
||
| 041 | _a(Por) | ||
| 072 |
_aL10 _b5600 _b3580 |
||
| 090 | _ 5600 BR8001835 | ||
| 100 | 1 | _aMacedo, A.P. de | |
| 110 | 1 |
_aUniversidade de Sao Paulo, Sao Paulo (Brasil). Faculdade de Medicina Veterinaria e Zootecnia _0Mestre em Medicina Veterinaria |
|
| 245 | 1 | _aEstudo de algumas caracteristicas do semen de coelho - Oryctolagus cuniculus (Linnaeus, 1758)[Reproducao animal] | |
| 246 | 1 | _a[Study of some characteristics of rabbit semen - Oryctolagus cuniculus (Linnaeus, 1758)[Animal reproduction]] | |
| 260 | 3 |
_aSao Paulo, SP (Brasil): _c1979. |
|
| 300 | _a49 p. | ||
| 500 | _a9 illus.; Bibliography p. 39-46 (62 ref.); Summaries (Eng, Por) | ||
| 650 | _aMelhoramento genetico animal | ||
| 650 | _aCoelho | ||
| 650 | _aEsperma | ||
| 650 | _aReproducao animal | ||
| 650 | _aSemen | ||
| 909 |
_a202309 _bLucia _c55 _dLucia Elande |
||
| 942 | _cBK | ||
| 999 |
_c29384 _d29384 |
||